000 00811cam a2200253 a 4500
001 000003137
005 20200929150335.0
008 791025t19801980nyu b 001 0 eng
020 _a039395112X
040 _aDO-SdBNP
_cDLC
_dDLC
082 _a810.8
_bG685n
245 0 4 _aThe norton anthology of american literature /
_cRonald Gottesman ... [et al.].
260 _aNew York :
_bNorton,
_c1980.
300 _axxviii, 1955 p. ;
_c22 cm.
500 _aEdición reducida
650 4 _aLiteratura americana
_99896
651 4 _aEstados Unidos
_xColecciones Literarias
_99897
700 1 _aMurphy, Francis
_99898
700 1 _aHolland, Laurence B.
_99899
700 1 _aParker, Hershel
_99900
700 1 _aKalstone, David
_99901
700 1 _aPritchard, William H.
_99902
910 _aCatalogación por copia / LC
999 _c2968
_d2968